00543nam a2200205 a 4500001001300000003000900013005001700022008004100039020001300080082001300093100001600106245005600122260003400178300000900212500003500221505001000256650002500266650003000291700001600321nice12345678IN_TiNIC20260116013821.0050524s1995 newa grp 000 0 eng  ac443.2600a276bALL aAllen, John aArchbishop Desmond Tutub The Rainbow People of God aNew YorkbBantam Books c1995 a280p aincludes index and biblioraphy2 aIndex aSouth African Church aChristianity-South Africa1 aAllen, John